Greats of the Music Industry - Statistics

General Stats
  • This quiz has been taken 1,306 times
  • The average score is 12 of 50
Answer Stats
Hint Answer % Correct
1 The Beatles
87%
4 The Rolling Stones
70%
6 Jimi Hendrix
67%
1 Jimi Hendrix
67%
5 John Lennon
56%
3 Elvis Presley
51%
3 Elvis Presley
51%
3 Paul McCartney
49%
2 Eric Clapton
48%
2 Bob Dylan
40%
7 Bob Dylan
40%
9 Aretha Franklin
38%
1 Aretha Franklin
38%
3 Jimmy Page
37%
2 John Bonham
31%
4 Keith Moon
28%
4 Keith Richards
26%
8 Eddie Van Halen
22%
5 Chuck Berry
21%
7 Chuck Berry
21%
4 Geddy Lee
21%
6 John Paul Jones
20%
10 Ray Charles
20%
2 Ray Charles
20%
2 Flea
19%
1 Neil Peart
17%
9 Stevie Wonder
17%
10 Pete Townshend
16%
6 B.B. King
15%
7 James Brown
15%
10 James Brown
15%
6 Marvin Gaye
14%
1 John Entwistle
13%
8 Otis Redding
12%
5 Jeff Beck
10%
8 Jack Bruce
9%
8 Little Richard
8%
9 Duane Allman
6%
3 Ginger Baker
5%
4 Sam Cooke
5%
9 Cliff Burton
3%
5 Les Claypool
3%
7 Jaco Pastorius
2%
10 Carl Palmer
1%
8 Mike Portnoy
1%
10 Victor Wooten
1%
6 Bill Bruford
0%
7 Danny Carey
0%
9 Ian Paice
0%
5 Terry Bozzio
0%
No matching quizzes found
Score Distribution
Percent of People with Each Score
Percentile by Number Answered
Your Score History
You have not taken this quiz